00372pab a2200121 454500008004000000100002400040245009000064260000900154300001200163650001800175650001800193773003900211180718b1996 xxu||||| |||| 00| 0 eng d aDordunoo, Cletus K. aGender analysis of labour force participation, employment and status of work in Ghana c1996 ap.61-81 aWomen - Ghana aLabour market aGreenhil Journal of Administration